[Event "BIH-chT2"]
[Site "Bosna"]
[Date "2017.08.27"]
[Round "5.5"]
[White "Sinanovic, Ermin"]
[Black "Jovanovic, Nenad"]
[Result "1-0"]
[WhiteElo "2061"]
[BlackElo "2087"]
[PlyCount "107"]
[EventDate "2017.08.25"]
[EventType "team-tourn"]
[EventRounds "9"]
[EventCountry "BIH"]
[SourceTitle "EXT 2019"]
[Source "ChessBase"]
[SourceDate "2018.10.10"]
[SourceVersion "1"]
[SourceVersionDate "2018.10.10"]
[SourceQuality "1"]

1. e4 c5 2. d3 g6 3. g3 Bg7 4. Bg2 Nc6 5. f4 d6 6. c3 Nf6 7. Ne2 Bg4 8. h3 Be6 9. 0-0 Qc8 10. Kh2 d5 11. e5 Ng8 12. d4 c4 13. b3 Na5 14. Nd2 h5 15. b4 Nc6 16. Nxc4 dxc4 17. d5 Nh6 18. dxe6 fxe6 19. b5 Nd8 20. Nd4 Nf5 21. Nxf5 exf5 22. Qe2 e6 23. Ba3 Bf8 24. Bxf8 Rxf8 25. Rfd1 Qc5 26. Rab1 Rc8 27. Rb4 Rf7 28. Rd4 Rfc7 29. Bf1 b6 30. Rbxc4 Qe7 31. Qd3 Nb7 32. Bg2 Rxc4 33. Rxc4 Rxc4 34. Qxc4 Nc5 35. Bc6+ Kf7 36. Qd4 g5 37. g4 hxg4 38. hxg4 gxf4 39. Kh3 Qg5 40. Bf3 Ne4 41. Qd7+ Qe7 42. Qd4 Ng5+ 43. Kg2 Qa3 44. Qd7+ Kg6 45. Qe8+ Kg7 46. Qd7+ Kh6 47. Qd2 Qa4 48. gxf5 exf5 49. Qd6+ Kh7 50. Qe7+ Kh6 51. Qf6+ Kh7 52. Qxf5+ Kh8 53. Qf6+ Kh7 54. Qxg5 1-0

[Event "BIH-chT2"]
[Site "Bosna"]
[Date "2017.08.25"]
[Round "1.4"]
[White "Jovanovic, Nenad"]
[Black "Jeremic, Milan"]
[Result "1/2-1/2"]
[WhiteElo "2087"]
[BlackElo "2180"]
[PlyCount "26"]
[EventDate "2017.08.25"]
[EventType "team-tourn"]
[EventRounds "9"]
[EventCountry "BIH"]
[SourceTitle "EXT 2019"]
[Source "ChessBase"]
[SourceDate "2018.10.10"]
[SourceVersion "1"]
[SourceVersionDate "2018.10.10"]
[SourceQuality "1"]

1. d4 d5 2. Nf3 Nf6 3. c4 e6 4. e3 Ne4 5. c5 Be7 6. Nc3 f5 7. Bb5+ c6 8. Bd3 0-0 9. 0-0 Bd7 10. Ne5 Bf6 11. f4 Be8 12. Bxe4 fxe4 13. Bd2 Bxe5 1/2-1/2

[Event "BIH-chT1A 22nd"]
[Site "Tuzla"]
[Date "2015.10.19"]
[Round "6.1"]
[White "Strinic, Halid"]
[Black "Jovanovic, Nenad"]
[Result "0-1"]
[WhiteElo "2109"]
[BlackElo "2055"]
[PlyCount "114"]
[EventDate "2015.10.16"]
[EventType "tourn"]
[EventRounds "9"]
[EventCountry "BIH"]
[SourceTitle "CBM 169 Extra"]
[Source "ChessBase"]
[SourceDate "2015.12.18"]
[SourceVersion "1"]
[SourceVersionDate "2015.12.18"]
[SourceQuality "1"]

1. e4 c5 2. Nf3 d6 3. d4 cxd4 4. Nxd4 Nf6 5. Nc3 a6 6. h3 b5 7. a3 Bb7 8. Qe2 g6 9. f4 Bg7 10. Nb3 0-0 11. g4 Nfd7 12. Bg2 Nc6 13. Be3 Na5 14. Nxa5 Qxa5 15. Bd2 Qc7 16. 0-0 Nb6 17. Rf3 Nc4 18. Bc1 Rac8 19. Nd1 f5 20. gxf5 gxf5 21. Rg3 Kh8 22. c3 Bxe4 23. Bxe4 fxe4 24. Qxe4 Bf6 25. b3 Rg8 26. Rg4 h5 27. Rg5 Bxg5 28. fxg5 Ne5 29. Qe2 Rg7 30. Ra2 h4 31. Bf4 Rf8 32. Qh5+ Rh7 33. Bxe5+ dxe5 34. Qg4 Qc8 35. Rg2 Qxg4 36. Rxg4 Rf4 37. Rg2 Rf3 38. Re2 Rxh3 39. Rxe5 Rd3 40. Nf2 Rxc3 41. Rf5 Rxb3 42. Kh2 Rb2 43. Kh3 Rxf2 44. Rxf2 Kg7 45. a4 bxa4 46. Rf5 Kg6 47. Re5 a3 48. Re6+ Kxg5 49. Rxa6 e5 50. Rxa3 e4 51. Kh2 h3 52. Kh1 h2 53. Rf3 Kg4 54. Rf8 e3 55. Rg8+ Kf3 56. Rf8+ Ke2 57. Rf2+ exf2 0-1

[Event "SRB-chT Central"]
[Site "Kraljevo"]
[Date "2011.09.21"]
[Round "6"]
[White "Nestorovic, Dejan"]
[Black "Jovanovic, Nenad"]
[Result "1-0"]
[WhiteElo "2390"]
[BlackElo "2338"]
[PlyCount "73"]
[EventDate "2011.09.17"]
[EventType "team-tourn"]
[EventRounds "11"]
[EventCountry "SRB"]
[SourceTitle "CBM 144 Extra"]
[Source "ChessBase"]
[SourceDate "2011.10.28"]
[SourceVersion "1"]
[SourceVersionDate "2011.10.28"]
[SourceQuality "1"]
[WhiteTeam "Sloga"]
[BlackTeam "Ribnica"]
[WhiteTeamCountry "YUG"]
[BlackTeamCountry "YUG"]

1. d4 Nf6 2. c4 e6 3. Nf3 c5 4. d5 b5 5. Bg5 exd5 6. cxd5 d6 7. e4 a6 8. a4 Be7 9. Bxf6 Bxf6 10. Qc2 b4 11. Nbd2 Nd7 12. a5 Ne5 13. Nxe5 Bxe5 14. Nc4 Bd4 15. Bd3 g6 16. 0-0 0-0 17. Rae1 Ra7 18. Kh1 Re8 19. f4 Bg7 20. Qf2 Bf8 21. Re3 Bg7 22. Qf3 Bb7 23. Rfe1 Ba8 24. R3e2 Bd4 25. Nb6 Qf6 26. e5 dxe5 27. fxe5 Qxf3 28. gxf3 Rd8 29. Bc4 Kg7 30. f4 Bb7 31. Kg2 Bc8 32. Nxc8 Rxc8 33. d6 h6 34. h4 Rd8 35. Kf3 Raa8 36. Ke4 f6 37. Kd5 1-0

[Event "SRB-chT Central"]
[Site "Kraljevo"]
[Date "2011.09.18"]
[Round "2"]
[White "Jovanovic, Nenad"]
[Black "Dezelin, Milan"]
[Result "1/2-1/2"]
[WhiteElo "2338"]
[BlackElo "2287"]
[PlyCount "38"]
[EventDate "2011.09.17"]
[EventType "team-tourn"]
[EventRounds "11"]
[EventCountry "SRB"]
[SourceTitle "CBM 144 Extra"]
[Source "ChessBase"]
[SourceDate "2011.10.28"]
[SourceVersion "1"]
[SourceVersionDate "2011.10.28"]
[SourceQuality "1"]
[WhiteTeam "Ribnica"]
[BlackTeam "Paracin"]
[WhiteTeamCountry "YUG"]
[BlackTeamCountry "YUG"]

1. Nf3 c5 2. b3 d6 3. d4 cxd4 4. Nxd4 Nf6 5. Bb2 Qa5+ 6. Qd2 Qxd2+ 7. Nxd2 Bd7 8. e4 Nc6 9. Nb5 Rc8 10. a3 a6 11. Nc3 Nd4 12. Bd3 e5 13. Nc4 Be6 14. Ne3 Be7 15. 0-0-0 Ng4 16. Nxg4 Bxg4 17. f3 Be6 18. Kb1 h5 19. a4 h4 1/2-1/2

[Event "SRB-chT Central"]
[Site "Kraljevo"]
[Date "2011.09.17"]
[Round "1"]
[White "Sandic, Vladeta"]
[Black "Jovanovic, Nenad"]
[Result "1-0"]
[WhiteElo "2334"]
[BlackElo "2338"]
[PlyCount "107"]
[EventDate "2011.09.17"]
[EventType "team-tourn"]
[EventRounds "11"]
[EventCountry "SRB"]
[SourceTitle "CBM 144 Extra"]
[Source "ChessBase"]
[SourceDate "2011.10.28"]
[SourceVersion "1"]
[SourceVersionDate "2011.10.28"]
[SourceQuality "1"]
[WhiteTeam "Ub"]
[BlackTeam "Ribnica"]
[WhiteTeamCountry "YUG"]
[BlackTeamCountry "YUG"]

1. d4 Nf6 2. c4 e6 3. Nc3 Bb4 4. Qc2 Nc6 5. Nf3 d5 6. a3 Bxc3+ 7. Qxc3 Ne4 8. Qc2 e5 9. e3 exd4 10. cxd5 Qxd5 11. Bc4 Qf5 12. Bd3 Qa5+ 13. b4 Nxb4 14. axb4 Qxa1 15. Bxe4 Qc3+ 16. Qxc3 dxc3 17. Ba3 c6 18. Nd4 0-0 19. Ke2 Re8 20. Kf3 Bg4+ 21. Kxg4 Rxe4+ 22. Kf3 Re5 23. Rc1 a5 24. Rxc3 axb4 25. Bxb4 Rd5 26. g4 h5 27. h3 g6 28. Be7 Rc8 29. Bc5 Ra8 30. e4 hxg4+ 31. hxg4 Rd7 32. g5 Ra6 33. Nc2 Ra2 34. Be3 Kf8 35. Nb4 Ra1 36. Nd3 Rb1 37. Ra3 Rd8 38. Ne5 Ke7 39. Ra7 Ke6 40. Kf4 Rb5 41. Nf3 c5 42. Ra1 b6 43. Ne5 Rh8 44. Nf3 Rb4 45. Ra7 Rh7 46. Ne5 Rh4+ 47. Ng4 Rh8 48. Rc7 Rd8 49. Ne5 Rf8 50. Rc6+ Ke7 51. Rf6 Ke8 52. f3 Rb3 53. Nc4 Ke7 54. Nxb6 1-0

[Event "SRB-chT2 West"]
[Site "Valjevo"]
[Date "2010.10.03"]
[Round "4"]
[White "Ilic, Dragan M"]
[Black "Jovanovic, Nenad"]
[Result "1/2-1/2"]
[WhiteElo "2367"]
[BlackElo "2357"]
[PlyCount "70"]
[EventDate "2010.09.12"]
[EventType "team-tourn"]
[EventRounds "9"]
[EventCountry "YUG"]
[SourceTitle "EXT 2011"]
[Source "ChessBase"]
[SourceDate "2010.11.26"]
[SourceVersion "1"]
[SourceVersionDate "2010.11.26"]
[SourceQuality "1"]

1. d4 Nf6 2. c4 e6 3. Nc3 Bb4 4. e3 Nc6 5. Nf3 d5 6. h3 0-0 7. cxd5 exd5 8. Bd3 Re8 9. 0-0 a6 10. Bd2 Bd6 11. Rc1 Ne7 12. Ne5 c6 13. Qc2 c5 14. Qb1 b5 15. a3 c4 16. Bc2 g6 17. e4 Nxe4 18. Nxe4 dxe4 19. Bxe4 Bf5 20. Bg5 Bxe5 21. dxe5 Qd4 22. Bxf5 Nxf5 23. Bf6 Qb6 24. Rcd1 Re6 25. Rfe1 Rae8 26. Qc1 Ng3 27. Qd2 Nh5 28. Bd8 Qb8 29. g4 Nf4 30. Qxf4 Rxd8 31. Rxd8+ Qxd8 32. Re3 Qc7 33. Qd4 Re8 34. Qf4 a5 35. h4 Rd8 1/2-1/2

[Event "SRB-chT2 West"]
[Site "Valjevo"]
[Date "2010.09.18"]
[Round "2"]
[White "Zivkovic, Sava"]
[Black "Jovanovic, Nenad"]
[Result "1-0"]
[WhiteElo "2251"]
[BlackElo "2357"]
[PlyCount "87"]
[EventDate "2010.09.12"]
[EventType "team-tourn"]
[EventRounds "9"]
[EventCountry "YUG"]
[SourceTitle "EXT 2011"]
[Source "ChessBase"]
[SourceDate "2010.11.26"]
[SourceVersion "1"]
[SourceVersionDate "2010.11.26"]
[SourceQuality "1"]

1. e4 d5 2. exd5 Nf6 3. d4 Nxd5 4. Nf3 Nb6 5. Be2 Bf5 6. 0-0 e6 7. c4 Be7 8. Nc3 0-0 9. a4 a5 10. Bf4 Na6 11. Qb3 Nb4 12. Nb5 Rc8 13. Rac1 c6 14. Na3 h6 15. Rfd1 Be4 16. Bd2 Qc7 17. Ne5 Nd7 18. Qe3 Bh7 19. Nxd7 Qxd7 20. c5 Rcd8 21. Qg3 Kh8 22. Nc4 Bf6 23. Bf4 Rg8 24. Bd6 Bg5 25. Ne5 Qe8 26. f4 Bf6 27. Bh5 Rf8 28. Bxf8 Bxe5 29. dxe5 Qxf8 30. Rxd8 Qxd8 31. Rd1 Qe7 32. Rd6 Be4 33. Bf3 Bd5 34. Bxd5 Nxd5 35. Qf2 g6 36. g3 Kg7 37. Qd4 Kh7 38. Qd3 Kg7 39. h4 h5 40. Qf3 Kg8 41. Kh2 Kg7 42. Kh3 Kf8 43. g4 hxg4+ 44. Qxg4 1-0

[Event "SRB-chT2 West"]
[Site "Serbia"]
[Date "2009.10.10"]
[Round "10.5"]
[White "Jovanovic, Nenad"]
[Black "Rizovic, Sefcet"]
[Result "1-0"]
[WhiteElo "2324"]
[BlackElo "2012"]
[PlyCount "105"]
[EventDate "2009.09.06"]
[EventType "team"]
[EventRounds "11"]
[EventCountry "SRB"]
[SourceTitle "EXT 2012"]
[Source "ChessBase"]
[SourceDate "2011.11.24"]
[SourceVersion "1"]
[SourceVersionDate "2011.11.24"]
[SourceQuality "1"]

1. Nf3 Nf6 2. b3 d6 3. d4 Bg4 4. Bb2 Nc6 5. Nbd2 g6 6. g3 Bg7 7. Bg2 0-0 8. h3 Bd7 9. 0-0 Qc8 10. Kh2 Ne8 11. e4 f5 12. e5 f4 13. Qe2 Bf5 14. c4 a5 15. d5 Nxe5 16. Nxe5 dxe5 17. Bxe5 Bd3 18. Qxd3 Bxe5 19. Rae1 Qf5 20. Qxf5 Rxf5 21. Nf3 Bd6 22. Rc1 b6 23. a4 Ng7 24. Nd4 Rg5 25. h4 fxg3+ 26. Kh3 Re5 27. fxg3 Nh5 28. Rc3 Rf8 29. Rxf8+ Kxf8 30. c5 bxc5 31. Nc6 Re1 32. Nxa5 Ke8 33. Nb7 Be5 34. Rd3 Bxg3 35. Rxg3 Nxg3 36. Kxg3 Re3+ 37. Bf3 Rxb3 38. Nxc5 Rc3 39. Ne6 Ra3 40. Ng5 h6 41. Ne6 Kf7 42. Nc5 Rc3 43. Nb7 Ke8 44. a5 Kd7 45. a6 Kc8 46. Kf2 Ra3 47. Be2 Ra4 48. Nc5 Ra5 49. Nb3 Ra2 50. Nd4 Kd7 51. Nc6 e6 52. Nb4 Rb2 53. a7 1-0

[Event "SRB-chT2 West"]
[Site "Serbia"]
[Date "2009.10.08"]
[Round "6.1"]
[White "Jovanovic, Nenad"]
[Black "Pavlovic, Dejan S"]
[Result "1-0"]
[WhiteElo "2324"]
[BlackElo "2416"]
[PlyCount "111"]
[EventDate "2009.09.06"]
[EventType "team"]
[EventRounds "11"]
[EventCountry "SRB"]
[SourceTitle "EXT 2012"]
[Source "ChessBase"]
[SourceDate "2011.11.24"]
[SourceVersion "1"]
[SourceVersionDate "2011.11.24"]
[SourceQuality "1"]

1. Nf3 d5 2. b3 Bg4 3. Bb2 Nd7 4. e3 Ngf6 5. h3 Bh5 6. d3 e6 7. Nbd2 h6 8. Qe2 a5 9. a4 Bb4 10. g4 Bg6 11. Bg2 Qe7 12. 0-0 c6 13. Ne5 Nxe5 14. Bxe5 0-0 15. f4 Rad8 16. Nf3 Nd7 17. Bb2 Bd6 18. Qd2 Bb4 19. Qf2 Rfe8 20. Kh1 Bd6 21. Rae1 Nc5 22. Rg1 Bh7 23. h4 b5 24. axb5 cxb5 25. Nd4 Qd7 26. Bh3 a4 27. g5 h5 28. g6 fxg6 29. bxa4 Nxa4 30. Ba1 b4 31. Rg5 Nc3 32. Reg1 Qf7 33. Nc6 Ra8 34. Ne5 Bxe5 35. Rxe5 Ra6 36. Kh2 Kh8 37. Bxc3 bxc3 38. Rb1 Qc7 39. Rg1 Qf7 40. Rb1 Bg8 41. d4 Qa7 42. Rg1 Bf7 43. Qg2 Rg8 44. Qe2 Rc6 45. Rxg6 Re8 46. Rg2 g6 47. Qf3 Qe7 48. Qg3 Qf6 49. Qe1 Rb8 50. Reg5 Rb2 51. Qa1 Kh7 52. Qa8 Rc7 53. Qf8 Rbb7 54. Bxe6 Re7 55. Bf5 Qxg5 56. Rxg5 1-0

[Event "MNT-chT"]
[Site "Herceg Novi"]
[Date "2007.09.09"]
[Round "7"]
[White "Perosevic, Aleksandar"]
[Black "Jovanovic, Nenad"]
[Result "1/2-1/2"]
[WhiteElo "2213"]
[BlackElo "2311"]
[PlyCount "89"]
[EventDate "2007.09.03"]
[EventType "team-tourn"]
[EventRounds "9"]
[EventCountry "MNE"]
[SourceTitle "CBM 120 Extra"]
[Source "ChessBase"]
[SourceDate "2007.11.01"]
[SourceVersion "1"]
[SourceVersionDate "2007.11.01"]
[SourceQuality "1"]

1. e4 d5 2. exd5 Nf6 3. Nc3 Nxd5 4. Bc4 Nb6 5. Bb5+ c6 6. Be2 c5 7. f4 Nc6 8. Nf3 g6 9. Ne4 Qc7 10. Nxc5 Qxf4 11. d4 Qc7 12. Nd3 Bg7 13. Bf4 Qd8 14. c3 Nd5 15. Bd2 0-0 16. 0-0 Bg4 17. Qe1 Bxf3 18. Bxf3 e6 19. Kh1 Rc8 20. Qg3 b5 21. a3 a5 22. Rae1 Qc7 23. Qh4 Rfe8 24. Re2 Nce7 25. Qf2 Rf8 26. Bxd5 Nxd5 27. Nf4 Qc4 28. Nxd5 Qxd5 29. Qe1 Qb3 30. Bf4 Rfd8 31. Ref2 Qd5 32. Be5 Bxe5 33. dxe5 Rd7 34. Rf6 Rcc7 35. Qg3 Rc5 36. Qf2 Rcc7 37. Qg3 Qd2 38. R6f2 Qd5 39. Rf6 Rb7 40. h3 b4 41. axb4 axb4 42. R6f2 bxc3 43. bxc3 Rb5 44. Re1 Rc5 45. Rf3 1/2-1/2

[Event "MNT-chT"]
[Site "Herceg Novi"]
[Date "2007.09.07"]
[Round "5"]
[White "Jovanovic, Nenad"]
[Black "Nikcevic, Nebojsa"]
[Result "0-1"]
[WhiteElo "2311"]
[BlackElo "2456"]
[PlyCount "76"]
[EventDate "2007.09.03"]
[EventType "team-tourn"]
[EventRounds "9"]
[EventCountry "MNE"]
[SourceTitle "CBM 120 Extra"]
[Source "ChessBase"]
[SourceDate "2007.11.01"]
[SourceVersion "1"]
[SourceVersionDate "2007.11.01"]
[SourceQuality "1"]

1. Nf3 c5 2. b3 d5 3. e3 Nc6 4. Bb2 Nf6 5. Bb5 Bd7 6. 0-0 g6 7. Bxf6 exf6 8. Nc3 a6 9. Be2 Be6 10. d4 Qa5 11. Na4 c4 12. a3 Rd8 13. Nb2 b5 14. b4 Qb6 15. c3 a5 16. Nd2 f5 17. Qc2 Be7 18. Rae1 0-0 19. Kh1 Rd7 20. f3 Ra8 21. Nb1 axb4 22. axb4 f4 23. e4 Bh4 24. Rc1 Qd8 25. Nd2 Bg3 26. Rfd1 Qh4 27. Nf1 Ra2 28. Ra1 Rda7 29. Rxa2 Rxa2 30. Qb1 Ra3 31. Qc1 Ra7 32. Qd2 Ra2 33. Rb1 Bf2 34. Qc1 Nxd4 35. Qd2 Nxe2 36. Qxe2 d4 37. cxd4 Bxd4 38. Qd2 Qf6 0-1

[Event "MNT-chT 1st"]
[Site "Herceg Novi"]
[Date "2006.10.01"]
[Round "10"]
[White "Jovanovic, Nenad"]
[Black "Sibarevic, Milenko"]
[Result "1/2-1/2"]
[WhiteElo "2299"]
[BlackElo "2342"]
[PlyCount "63"]
[EventDate "2006.09.22"]
[EventType "team-tourn"]
[EventRounds "11"]
[EventCountry "MNE"]
[SourceTitle "CBM 114 Extra"]
[Source "ChessBase"]
[SourceDate "2006.11.03"]
[SourceVersion "1"]
[SourceVersionDate "2006.11.03"]
[SourceQuality "1"]

1. Nf3 d5 2. b3 Bg4 3. Bb2 Nd7 4. g3 Ngf6 5. Bg2 e6 6. c4 c6 7. 0-0 Be7 8. d4 0-0 9. Nbd2 a5 10. h3 Bh5 11. a3 b5 12. Ne5 Nxe5 13. dxe5 Nd7 14. g4 Bg6 15. e4 dxc4 16. f4 Nc5 17. bxc4 Nd3 18. Bc3 Qb6+ 19. Kh2 b4 20. axb4 axb4 21. Rxa8 Rxa8 22. Qb1 Qe3 23. Rf3 Qe2 24. Qxd3 Qxd3 25. Rxd3 bxc3 26. Rxc3 f6 27. exf6 gxf6 28. Rd3 Ra2 29. Kg3 Bb4 30. f5 Rxd2 31. Rxd2 Bxd2 32. fxg6 1/2-1/2

[Event "MNT-chT 1st"]
[Site "Herceg Novi"]
[Date "2006.09.29"]
[Round "8"]
[White "Jovanovic, Nenad"]
[Black "Djukic, Nikola"]
[Result "1/2-1/2"]
[WhiteElo "2299"]
[BlackElo "2507"]
[PlyCount "136"]
[EventDate "2006.09.22"]
[EventType "team-tourn"]
[EventRounds "11"]
[EventCountry "MNE"]
[SourceTitle "CBM 114 Extra"]
[Source "ChessBase"]
[SourceDate "2006.11.03"]
[SourceVersion "1"]
[SourceVersionDate "2006.11.03"]
[SourceQuality "1"]

1. Nf3 Nf6 2. b3 g6 3. Bb2 Bg7 4. g3 0-0 5. Bg2 d5 6. c4 c6 7. 0-0 Nbd7 8. d4 a5 9. Nc3 Nb6 10. cxd5 Nfxd5 11. Nxd5 Nxd5 12. Ne5 a4 13. a3 axb3 14. Qxb3 Be6 15. Qc2 Qa5 16. Nd3 Nb6 17. a4 Bd5 18. Bc3 Qa7 19. a5 Nd7 20. e4 Bc4 21. Rfd1 Bb5 22. d5 Nf6 23. Qb2 Rac8 24. Bd4 Qb8 25. d6 Rfd8 26. e5 Ne8 27. dxe7 Rd7 28. Bh3 Rxe7 29. Bxc8 Qxc8 30. Qb4 Rd7 31. Nf4 Nc7 32. e6 fxe6 33. Bxg7 Rxg7 34. Qd6 Rf7 35. h4 Bc4 36. h5 g5 37. Qd8+ Qxd8 38. Rxd8+ Kg7 39. Nd3 Bxd3 40. Rxd3 Kh6 41. Re1 Kxh5 42. Rb3 Nb5 43. Kg2 Re7 44. Rd3 Kg6 45. Red1 Kf6 46. Rd7 h5 47. Rxe7 Kxe7 48. Rh1 h4 49. gxh4 gxh4 50. Rxh4 Kf6 51. Kf3 Nd6 52. Rb4 Nb5 53. Ke3 Ke5 54. Rh4 Kd5 55. Rh5+ Kd6 56. Kd3 Nc7 57. Rh7 c5 58. Kc4 Kc6 59. Rh6 b5+ 60. axb6 Kxb6 61. f4 Kc6 62. f5 Nb5 63. f6 Nd6+ 64. Kd3 c4+ 65. Kc2 Kd7 66. Rh7+ Ke8 67. Re7+ Kf8 68. Rxe6 Ne8 1/2-1/2

[Event "MNT-chT 1st"]
[Site "Herceg Novi"]
[Date "2006.09.28"]
[Round "7"]
[White "Pucovski, Miroslav"]
[Black "Jovanovic, Nenad"]
[Result "0-1"]
[WhiteElo "2367"]
[BlackElo "2299"]
[PlyCount "56"]
[EventDate "2006.09.22"]
[EventType "team-tourn"]
[EventRounds "11"]
[EventCountry "MNE"]
[SourceTitle "CBM 114 Extra"]
[Source "ChessBase"]
[SourceDate "2006.11.03"]
[SourceVersion "1"]
[SourceVersionDate "2006.11.03"]
[SourceQuality "1"]

1. e4 d5 2. exd5 Nf6 3. Nf3 Nxd5 4. d4 g6 5. Bb5+ c6 6. Be2 Bg7 7. 0-0 0-0 8. Re1 Bf5 9. c3 h6 10. Bd3 Bxd3 11. Qxd3 Nd7 12. Ne5 Nxe5 13. dxe5 e6 14. Qe4 Qc7 15. Nd2 Nb6 16. Nf3 Qe7 17. Qg4 Rfd8 18. Qh3 Qf8 19. Be3 Nc4 20. Bc1 b5 21. a4 a6 22. axb5 axb5 23. Rxa8 Rxa8 24. Qh4 Qd8 25. Qh3 Ra1 26. b3 Nxe5 27. Bd2 Rxe1+ 28. Bxe1 Qd1 0-1

[Event "MNT-chT 1st"]
[Site "Herceg Novi"]
[Date "2006.09.26"]
[Round "5"]
[White "Jovanovic, Nenad"]
[Black "Nikolic, Nebojsa2222"]
[Result "1-0"]
[WhiteElo "2299"]
[BlackElo "2366"]
[PlyCount "101"]
[EventDate "2006.09.22"]
[EventType "team-tourn"]
[EventRounds "11"]
[EventCountry "MNE"]
[SourceTitle "CBM 114 Extra"]
[Source "ChessBase"]
[SourceDate "2006.11.03"]
[SourceVersion "1"]
[SourceVersionDate "2006.11.03"]
[SourceQuality "1"]

1. Nf3 Nf6 2. b3 g6 3. Bb2 Bg7 4. g3 0-0 5. Bg2 d6 6. d4 a5 7. a3 c6 8. 0-0 Na6 9. c4 Qc7 10. Nbd2 Re8 11. Qc2 e5 12. e4 exd4 13. Nxd4 Qb6 14. Ne2 Bg4 15. Rfe1 Rad8 16. Bd4 Qc7 17. Qb2 Qe7 18. h3 Bc8 19. Rad1 Nc5 20. Nc1 Ne6 21. Bc3 Nd7 22. Bxg7 Nxg7 23. Qc3 Qe5 24. Qc2 Nc5 25. b4 axb4 26. axb4 Na6 27. Nd3 Qh5 28. Qc3 g5 29. e5 d5 30. cxd5 cxd5 31. g4 Qg6 32. b5 Nb8 33. f4 Qb6+ 34. Kh1 h5 35. f5 hxg4 36. hxg4 Nxf5 37. gxf5 Bxf5 38. Nf1 Re6 39. Qd2 Rh6+ 40. Nh2 Qg6 41. Kg1 Kg7 42. Nf1 Nd7 43. Ng3 Bg4 44. Rc1 Nf8 45. Nf2 Bf5 46. Rc5 Ne6 47. Rxd5 Rdh8 48. Rd6 Rh2 49. Qe3 R8h4 50. Bxb7 g4 51. Bc6 1-0

[Event "MNT-chT 1st"]
[Site "Herceg Novi"]
[Date "2006.09.25"]
[Round "4"]
[White "Jovanovic, Nenad"]
[Black "Rabrenovic, Milinko"]
[Result "1/2-1/2"]
[WhiteElo "2299"]
[BlackElo "2341"]
[PlyCount "21"]
[EventDate "2006.09.22"]
[EventType "team-tourn"]
[EventRounds "11"]
[EventCountry "MNE"]
[SourceTitle "CBM 114 Extra"]
[Source "ChessBase"]
[SourceDate "2006.11.03"]
[SourceVersion "1"]
[SourceVersionDate "2006.11.03"]
[SourceQuality "1"]

1. Nf3 d5 2. b3 Bg4 3. Bb2 Nd7 4. g3 Bxf3 5. exf3 Ngf6 6. f4 e6 7. Bg2 c6 8. 0-0 Bc5 9. d4 Be7 10. Nd2 0-0 11. c4 1/2-1/2

[Event "BIH-chT2"]
[Site "Neum"]
[Date "2003.08.28"]
[Round "8"]
[White "Jovanovic, Nenad"]
[Black "Sprecic, Mustafa"]
[Result "1/2-1/2"]
[WhiteElo "2285"]
[BlackElo "2338"]
[PlyCount "46"]
[EventDate "2003.08.23"]
[EventType "team"]
[EventRounds "9"]
[EventCountry "BIH"]
[SourceTitle "EXT 2004"]
[Source "ChessBase"]
[SourceDate "2003.11.25"]
[SourceVersion "1"]
[SourceVersionDate "2003.11.25"]
[SourceQuality "1"]

1. d4 g6 2. e4 Bg7 3. Nc3 d6 4. f4 Nf6 5. Nf3 0-0 6. Be2 c5 7. d5 e6 8. dxe6 fxe6 9. 0-0 Nc6 10. e5 dxe5 11. Qxd8 Rxd8 12. fxe5 Ng4 13. Bg5 Rf8 14. h3 Ngxe5 15. Nxe5 Rxf1+ 16. Rxf1 Nxe5 17. Ne4 h6 18. Nf6+ Kh8 19. Bh4 g5 20. Bg3 Nd7 21. Ne8 Bxb2 22. Nc7 Rb8 23. Nxe6 Ra8 1/2-1/2

[Event "BIH-chT2"]
[Site "Neum"]
[Date "2002.08.25"]
[Round "2"]
[White "Muratovic, Efim"]
[Black "Jovanovic, Nenad"]
[Result "1-0"]
[WhiteElo "2336"]
[BlackElo "2306"]
[PlyCount "80"]
[EventDate "2002.08.24"]
[EventType "team"]
[EventRounds "9"]
[EventCountry "BIH"]
[SourceTitle "EXT 2003"]
[Source "ChessBase"]
[SourceDate "2002.11.25"]
[SourceVersion "1"]
[SourceVersionDate "2002.11.25"]
[SourceQuality "1"]

1. Nf3 Nf6 2. c4 c6 3. g3 d5 4. cxd5 cxd5 5. Bg2 g6 6. d3 Bg7 7. 0-0 0-0 8. Nc3 Nc6 9. Qb3 e6 10. Bf4 a6 11. Rac1 Nh5 12. Bg5 Bf6 13. Bd2 Na5 14. Qa3 Be7 15. b4 Nc6 16. Na4 a5 17. Nc5 b6 18. Nxe6 fxe6 19. Rxc6 Bd7 20. Rc2 Ng7 21. Qb2 Ba4 22. Rcc1 Nf5 23. h4 Bxb4 24. Bxb4 axb4 25. Qxb4 Bd7 26. Rc2 Ra4 27. Qb2 b5 28. e4 dxe4 29. dxe4 Nd6 30. Rd1 Nc4 31. Rxc4 Rxc4 32. Ne5 Rc7 33. Qd4 Rf7 34. Nxf7 Kxf7 35. Qe5 Ra7 36. Bh3 Qf6 37. Qb8 Qf3 38. Rd4 Qa3 39. Qf4+ Kg8 40. Rxd7 Rxd7 1-0